书目信息 |
| 题名: |
2008考研英语冲刺班讲义
|
|
| 作者: | 徐绽 | |
| 分册: | ||
| 出版信息: | 北京文都教育集团 2007.05 |
|
| 页数: | 131页 | |
| 开本: | 26cm | |
| 丛书名: | ||
| 单 册: | ||
| 中图分类: | H31-42 | |
| 科图分类: | ||
| 主题词: | 英语 | |
| 电子资源: | ||
| ISBN: | ||
| 000 | 00480nam0 2200181 450 | |
| 001 | 0856484124 | |
| 005 | 20080623111910.35 | |
| 010 | @dCNY15.00 | |
| 100 | @a20080617d2007 km y0chiy0120 ea | |
| 101 | 0 | @achi |
| 200 | 1 | @a2008考研英语冲刺班讲义@A2008 kao yan ying yu chong ci ban jiang yi@f徐绽@Fxu zhan |
| 210 | @c北京文都教育集团@d2007.05 | |
| 215 | @a131页@d26cm | |
| 606 | 0 | @a英语 |
| 690 | @aH31-42@v4 | |
| 701 | 0 | @a徐绽@Axu zhan |
| 801 | 0 | @aCN@c20080623 |
| 905 | @dH31-42@eX845 | |
| 2008考研英语冲刺班讲义/徐绽.-北京文都教育集团,2007.05 |
| 131页;26cm |
| ISBN :CNY15.00 |
| ● |
| 相关链接 |
|
|
|
正题名:2008考研英语冲刺班讲义
索取号:H31-42/X845
 
预约/预借
| 序号 | 登录号 | 条形码 | 馆藏地/架位号 | 状态 | 备注 |
| 1 | 453102 | 204531024 | 语言库209/209语言库 93排1列2层/ [索取号:H31-42/X845] | 在馆 | |
| 2 | 453142 | 204531426 | 语言库209/209语言库 93排1列2层/ [索取号:H31-42/X845] | 在馆 | |
| 3 | 453161 | 204531612 | 语言库209/209语言库 93排1列2层/ [索取号:H31-42/X845] | 在馆 |